000 00867cam a2200253 a 4500
001 000035815
005 20200930074632.0
008 900316s1968 ag 001 0 spa
020 _a8427606702
040 _aDO-SdBNP
_bspa
_cBNPHU
082 _aA863.2
_bM351a
100 1 _aMármol, José,
_d1818-1871.
_95480
245 1 0 _aAmalia /
_cestudio preliminar y notas de Alfredo Veirave ; nueva edición dirigida por María Hortensia Lacau.
250 _a2a ed.
260 _aBuenos Aire :
_bKapelusz,
_c1968.
300 _a372 p. ;
_c17 cm.
490 1 _aGrandes obras de la literatura universal
_v41
590 _aInventariado, 2019/VM
650 4 _aNovela argentina
_93941
650 4 _aLiteratura argentina
_93860
700 1 2 _aVeirave, Alfredo
_961770
700 1 2 _aLacau, Hortensia
_eed.
_961771
830 0 _aGrandes obras de la literatura universal
_n41
_961772
999 _c35306
_d35306